[Event "SK Münster 2 - SK Münster 3"]
[Site "Regionalliga 2015/2016"]
[Date "2015.09.05"]
[Round "1.1"]
[White "Quante, Lennart"]
[Black "Rehfeldt, Frank"]
[Result "0-1"]
[WhiteElo "1998"]
[BlackElo "2144"]
[PlyCount "126"]
[EventDate "2015.??.??"]
[SourceDate "2015.09.11"]

1. e4 c6 2. Nc3 d5 3. Nf3 Nf6 4. e5 Ne4 5. d4 Bf5 6. Nh4 Nxc3 7. bxc3 Bd7 8.
Rb1 e6 9. Nf3 Qc7 10. Be3 c5 11. Bb5 cxd4 12. Bxd7+ Nxd7 13. cxd4 Be7 14. O-O
O-O 15. Qd3 a6 16. Bg5 Rfe8 17. a4 Bf8 18. Rfc1 Rec8 19. Nd2 Qc6 20. Qb3 b6 21.
c4 a5 22. cxd5 Qxd5 23. Qxd5 exd5 24. Nf1 Bb4 25. Rd1 Nf8 26. Bd2 Rc4 27. Bxb4
Rxb4 28. Ne3 Rxa4 29. Nxd5 Rd8 30. Ne7+ Kh8 31. Nc6 Rd5 32. Rxb6 g6 33. h3 Ne6
34. Ra6 Kg7 35. Kh2 h5 36. g3 h4 37. Rd3 Nc5 38. Ne7 Rd7 39. dxc5 Rxd3 40. gxh4
Rd7 41. Nc8 Rc7 42. Nd6 Rxc5 43. Ra7 Rxe5 44. Nxf7 Re2 45. Ne5+ Kf6 46. Ng4+
Ke6 47. Ra6+ Kf7 48. Rf6+ Kg7 49. Ra6 Ra1 50. Kg3 a4 51. Kf4 a3 52. Kg5 a2 53.
Ra7+ Kf8 54. Kf6 Ke8 55. Ra8+ Kd7 56. Ne5+ Rxe5 57. Kxe5 Re1+ 58. Kf6 a1=Q+ 59.
Rxa1 Rxa1 60. Kxg6 Ke6 61. f4 Rg1+ 62. Kh7 Kf5 63. h5 Kxf4 0-1

[Event "SK Münster 2 - SK Münster 3"]
[Site "Regionalliga 2015/2016"]
[Date "2015.09.05"]
[Round "1.2"]
[White "Holtel, Jasper"]
[Black "Van Ackeren, Franz"]
[Result "1/2-1/2"]
[WhiteElo "2199"]
[BlackElo "1995"]
[PlyCount "41"]
[EventDate "2015.??.??"]
[SourceDate "2015.09.11"]

1. e4 g6 2. d4 Bg7 3. Nc3 d5 4. exd5 Nf6 5. Bb5+ Nbd7 6. Nf3 O-O 7. O-O Nb6 8.
Ne5 Bf5 9. Bd3 Bxd3 10. Qxd3 Nbxd5 11. Ne2 Nb6 12. Qb3 Nfd7 13. Nd3 e5 14. a4
a5 15. dxe5 Nxe5 16. Nxe5 Bxe5 17. Be3 Qd5 18. Qxd5 Nxd5 19. Bg5 Rfe8 20. Ng3
Bxb2 21. Rab1 1/2-1/2

[Event "SK Münster 2 - SK Münster 3"]
[Site "Regionalliga 2015/2016"]
[Date "2015.09.05"]
[Round "1.3"]
[White "Wingenfeld, Klaus"]
[Black "Kammers, Heribert"]
[Result "1/2-1/2"]
[WhiteElo "1991"]
[BlackElo "2026"]
[PlyCount "50"]
[EventDate "2015.??.??"]
[SourceDate "2015.09.11"]

1. e4 e6 2. d4 d5 3. Nc3 Nf6 4. Bg5 Be7 5. e5 Nfd7 6. Bxe7 Qxe7 7. f4 a6 8. Nf3
c5 9. Qd2 Nc6 10. dxc5 Qxc5 11. O-O-O b5 12. Nd4 Nxd4 13. Qxd4 b4 14. Na4 Qxd4
15. Rxd4 a5 16. Bb5 Ke7 17. Bxd7 Bxd7 18. Nb6 Ra6 19. Nxd7 Kxd7 20. Rhd1 Rc8
21. R1d2 Rac6 22. g3 Ke7 23. Kd1 Rc5 24. R4d3 Rc4 25. Rd4 R4c5 1/2-1/2

[Event "SK Münster 2 - SK Münster 3"]
[Site "Regionalliga 2015/2016"]
[Date "2015.09.05"]
[Round "1.4"]
[White "Müschenich, Stefan"]
[Black "Baumann, Stephan"]
[Result "1/2-1/2"]
[WhiteElo "2082"]
[BlackElo "1953"]
[PlyCount "43"]
[EventDate "2015.??.??"]
[SourceDate "2015.09.11"]

1. e4 e5 2. Nf3 Nc6 3. Bb5 Bc5 4. O-O Qf6 5. c3 Nge7 6. d4 exd4 7. Bg5 Qg6 8.
Bxe7 Nxe7 9. cxd4 Bb6 10. Nc3 O-O 11. Bd3 d6 12. Ne2 Bg4 13. e5 Qh6 14. Qc1
Qxc1 15. Raxc1 Bxf3 16. gxf3 dxe5 17. dxe5 Rad8 18. Rfd1 Nc6 19. f4 Nd4 20. Kf1
c6 21. b4 Nxe2 22. Bxe2 1/2-1/2

[Event "SK Münster 2 - SK Münster 3"]
[Site "Regionalliga 2015/2016"]
[Date "2015.09.05"]
[Round "1.5"]
[White "Meyer, Ulrich"]
[Black "Virnyi, Julius"]
[Result "0-1"]
[WhiteElo "1888"]
[BlackElo "2059"]
[PlyCount "88"]
[EventDate "2015.??.??"]
[SourceDate "2015.09.11"]

1. d4 Nf6 2. Bg5 e6 3. e3 c5 4. c3 cxd4 5. exd4 b6 6. Nf3 Be7 7. Bd3 Bb7 8.
Nbd2 O-O 9. Bxf6 Bxf6 10. Ne4 Be7 11. Qe2 d6 12. h4 Nd7 13. Nfg5 h6 14. Qh5 d5
15. Nd2 e5 16. Bh7+ Kh8 17. dxe5 Nxe5 18. f4 Nd7 19. Bc2 Kg8 20. Nh7 Re8 21.
O-O-O d4 22. Ne4 Qc7 23. Qf5 g6 24. Qxd7 Qxf4+ 25. Nd2 dxc3 26. bxc3 Bxg2 27.
Rhg1 Rad8 28. Qa4 Qxa4 29. Bxa4 Ba3+ 30. Kc2 Re2 31. Nf6+ Kg7 32. Nd7 Bh3 33.
Kb3 Bxd7 34. Kxa3 Bxa4 35. Nb3 Rxd1 36. Rxd1 Bxb3 37. axb3 Re7 38. c4 g5 39.
hxg5 hxg5 40. b4 Re5 41. Rc1 a5 42. bxa5 Rxa5+ 43. Kb4 g4 44. Rd1 Rg5 0-1

[Event "SK Münster 2 - SK Münster 3"]
[Site "Regionalliga 2015/2016"]
[Date "2015.09.05"]
[Round "1.6"]
[White "Kubo, Thomas"]
[Black "Freise, Eckhard"]
[Result "1-0"]
[WhiteElo "2028"]
[BlackElo "1816"]
[PlyCount "125"]
[EventDate "2015.??.??"]
[SourceDate "2015.09.11"]

1. Nf3 g6 2. g3 Bg7 3. Bg2 f5 4. d4 Nf6 5. b4 a5 6. b5 c5 7. bxc6 Nxc6 8. O-O
Ne4 9. c4 O-O 10. e3 d5 11. cxd5 Nb4 12. Nfd2 Nxd2 13. Bxd2 Nxd5 14. Qb3 e6 15.
Nc3 Nxc3 16. Bxc3 a4 17. Qb5 Rf7 18. Rab1 g5 19. f4 h5 20. Rfc1 h4 21. Rb4 a3
22. Rb3 hxg3 23. hxg3 gxf4 24. gxf4 Bd7 25. Qxb7 Rc8 26. Qa6 Qh4 27. Qxa3 Bf8
28. Be1 Qh5 29. Rxc8 Bxc8 30. Qc1 Ba6 31. d5 Rh7 32. e4 Qe2 33. Re3 Qb5 34. Bf2
exd5 35. exd5 Rg7 36. Rg3 Rxg3 37. Bxg3 Qd3 38. Qe1 Qd4+ 39. Kh2 Qh8+ 40. Bh3
Qb2+ 41. Bg2 Qxa2 42. Qe6+ Kg7 43. Qxf5 Bf1 44. Qg5+ Kf7 45. Bh4 Bxg2 46. Qxg2
Qc4 47. Qf3 Qc2+ 48. Kg3 Qg6+ 49. Bg5 Bd6 50. Kh4 Qc2 51. Qh5+ Kg8 52. Qe8+ Bf8
53. Qe6+ Kh7 54. Qf7+ Bg7 55. Bf6 Qh2+ 56. Kg5 Qg3+ 57. Kf5 Qd3+ 58. Ke6 Qa6+
59. d6 Qc4+ 60. Ke7 Qe4+ 61. Be5 Qb7+ 62. d7 Qb4+ 63. Ke8 1-0

[Event "SK Münster 2 - SK Münster 3"]
[Site "Regionalliga 2015/2016"]
[Date "2015.09.05"]
[Round "1.7"]
[White "Schlagheck, Thomas"]
[Black "Niermann, Rainer"]
[Result "0-1"]
[WhiteElo "1680"]
[BlackElo "2002"]
[PlyCount "81"]
[EventDate "2015.??.??"]
[SourceDate "2015.09.11"]

1. e4 c5 2. Nf3 d6 3. d4 cxd4 4. Nxd4 Nf6 5. Nc3 a6 6. a3 b5 7. Bd3 Bb7 8. O-O
Nbd7 9. Bg5 Rc8 10. Kh1 Rc5 11. f4 Qa8 12. Qe2 e5 13. fxe5 dxe5 14. Nf5 g6 15.
Ng3 Bg7 16. Qe3 Rc8 17. h3 h6 18. Bxf6 Bxf6 19. Rad1 Bg5 20. Qe2 O-O 21. Bxb5
Nc5 22. Bc4 Bf4 23. Rf3 Bxg3 24. Rxg3 Bxe4 25. Nxe4 Qxe4 26. Bxa6 Qxe2 27. Bxe2
Ne4 28. Rf3 Rxc2 29. Re1 Rxb2 30. Bc4 Nd2 31. Rc3 Kg7 32. Bd3 Re8 33. a4 f5 34.
a5 e4 35. Be2 Kf6 36. a6 Ra2 37. Rc6+ Re6 38. Rc5 Kg5 39. g3 Nf3 40. Bxf3 exf3
41. Rc3 0-1

[Event "SK Münster 2 - SK Münster 3"]
[Site "Regionalliga 2015/2016"]
[Date "2015.09.05"]
[Round "1.8"]
[White "Kaufhold, Thomas"]
[Black "Altgelt, Max"]
[Result "1-0"]
[WhiteElo "2014"]
[BlackElo "1771"]
[PlyCount "31"]
[EventDate "2015.??.??"]
[SourceDate "2015.09.11"]

1. d4 Nf6 2. c4 g6 3. Nc3 Bg7 4. e4 d6 5. f3 O-O 6. Be3 e5 7. d5 Nbd7 8. Qd2
Ne8 9. g4 Qh4+ 10. Bf2 Qh6 11. g5 Qh5 12. Bg2 f6 13. h4 h6 14. O-O-O hxg5 15.
hxg5 Qxg5 16. Be3 1-0

[Event "SC Steinfurt 1 - SK Dülmen 1"]
[Site "Regionalliga 2015/2016"]
[Date "2015.09.05"]
[Round "1.1"]
[White "Eiersbrock, Robin"]
[Black "Winnemöller, Bernd"]
[Result "0-1"]
[WhiteElo "2021"]
[BlackElo "1983"]
[PlyCount "78"]
[EventDate "2015.??.??"]
[SourceDate "2015.09.11"]

1. d4 Nf6 2. c4 d6 3. Nf3 g6 4. Nc3 Bg7 5. e4 O-O 6. Be2 c5 7. Be3 Ng4 8. Bg5
Nc6 9. d5 Nd4 10. Nxd4 cxd4 11. Nb5 h6 12. Bf4 a6 13. Nxd6 Nxf2 14. Nxb7 Qb6
15. c5 Qf6 16. Qd2 Nxe4 17. Qc1 g5 18. O-O gxf4 19. Rxf4 Qe5 20. Bf3 Ng5 21. c6
Bxb7 22. cxb7 Rab8 23. d6 Qxd6 24. Rg4 d3 25. Qd2 f5 26. Rb4 e5 27. h4 Ne6 28.
g4 Nd4 29. Bg2 fxg4 30. Kh1 Nf3 31. Qc3 Qf6 32. Rxg4 h5 33. Rg3 Qxh4+ 34. Rh3
Qg4 35. Qxd3 e4 36. Qd5+ Rf7 37. Rxh5 Rbxb7 38. Rf1 Rbd7 39. Bxf3 Rxd5 0-1

[Event "SC Steinfurt 1 - SK Dülmen 1"]
[Site "Regionalliga 2015/2016"]
[Date "2015.09.05"]
[Round "1.2"]
[White "Haselhorst, Helmut"]
[Black "Mohnke, Martin"]
[Result "1/2-1/2"]
[WhiteElo "2089"]
[BlackElo "1978"]
[PlyCount "78"]
[EventDate "2015.??.??"]
[SourceDate "2015.09.11"]

1. d4 Nf6 2. Nf3 g6 3. c4 Bg7 4. Nc3 d6 5. e4 O-O 6. Be2 Na6 7. O-O e5 8. Re1
exd4 9. Nxd4 Nc5 10. Bf1 a5 11. Rb1 Ng4 12. Nf3 Be6 13. Bg5 f6 14. Bh4 Qd7 15.
Nd4 Bf7 16. Nd5 g5 17. Bg3 Bg6 18. Nxc7 Nxf2 19. Bxf2 Qxc7 20. Nb5 Qc6 21. Qxd6
Nxe4 22. Qxc6 bxc6 23. Nc7 Nxf2 24. Nxa8 Nh3+ 25. gxh3 Bxb1 26. Rxb1 Rxa8 27.
Bg2 Rc8 28. Be4 Bf8 29. Rd1 Bc5+ 30. Kg2 Rc7 31. b3 Kg7 32. Bf5 Bb4 33. Kf3 Bc3
34. Rd7+ Rxd7 35. Bxd7 c5 36. Ke4 Kf7 37. Kd5 Bb4 38. Bf5 h6 39. Kc6 Ke7
1/2-1/2

[Event "SC Steinfurt 1 - SK Dülmen 1"]
[Site "Regionalliga 2015/2016"]
[Date "2015.09.05"]
[Round "1.3"]
[White "Grund, Wolfgang"]
[Black "Engels, Natia"]
[Result "0-1"]
[WhiteElo "1856"]
[BlackElo "2016"]
[PlyCount "50"]
[EventDate "2015.??.??"]
[SourceDate "2015.09.11"]

1. e4 c5 2. Nf3 d6 3. d4 cxd4 4. Nxd4 g6 5. Be2 Bg7 6. c3 Nf6 7. Bf3 O-O 8. Be3
Nbd7 9. Nd2 Nc5 10. Qc2 Ng4 11. Bxg4 Bxg4 12. O-O e5 13. N4f3 Qc7 14. h3 Bd7
15. Rad1 Ne6 16. Nb3 Bc6 17. Nh2 f5 18. exf5 gxf5 19. f4 Bh6 20. Qf2 Bxf4 21.
Bxa7 Ng5 22. Bb6 Qg7 23. Qh4 Ra4 24. Rxf4 Rxf4 25. g4 fxg4 0-1

[Event "SC Steinfurt 1 - SK Dülmen 1"]
[Site "Regionalliga 2015/2016"]
[Date "2015.09.05"]
[Round "1.4"]
[White "Grälken, Matthias"]
[Black "Stegemann, Norbert"]
[Result "1-0"]
[WhiteElo "2018"]
[BlackElo "1972"]
[PlyCount "49"]
[EventDate "2015.??.??"]
[SourceDate "2015.09.11"]

1. d4 Nf6 2. Nf3 e6 3. Bg5 d5 4. e3 c5 5. Nbd2 Nc6 6. c3 Be7 7. Bd3 b6 8. Ne5
Nxe5 9. dxe5 Nd7 10. Bxe7 Qxe7 11. f4 Qh4+ 12. g3 Qh3 13. Qe2 Bb7 14. Rg1 f6
15. Nf3 O-O-O 16. O-O-O Kb8 17. g4 Qh6 18. g5 Qh5 19. gxf6 gxf6 20. Bb5 fxe5
21. Rg5 Qh3 22. Bxd7 Rxd7 23. Nxe5 Rc7 24. Rh5 Ba6 25. c4 1-0

[Event "SC Steinfurt 1 - SK Dülmen 1"]
[Site "Regionalliga 2015/2016"]
[Date "2015.09.05"]
[Round "1.5"]
[White "Rebber, Christian"]
[Black "Wild, Helmut"]
[Result "1/2-1/2"]
[WhiteElo "1876"]
[BlackElo "1925"]
[PlyCount "105"]
[EventDate "2015.??.??"]
[SourceDate "2015.09.11"]

1. e4 c6 2. d4 d5 3. exd5 cxd5 4. Bd3 Nc6 5. c3 Nf6 6. Bf4 Bg4 7. Qb3 Qc8 8. h3
Bh5 9. Nd2 e6 10. Ngf3 Be7 11. O-O O-O 12. Rae1 a6 13. Ne5 Nd7 14. Nxd7 Qxd7
15. Qc2 Bg6 16. Nf3 Rac8 17. Bxg6 hxg6 18. Qd3 b5 19. a3 Na5 20. Ne5 Qd8 21.
Bc1 Nc4 22. Re2 a5 23. g4 b4 24. axb4 axb4 25. Kg2 bxc3 26. bxc3 Nxe5 27. Rxe5
Qc7 28. Bd2 Bd6 29. Re2 Bf4 30. Rc1 Bxd2 31. Qxd2 Qd6 32. Qe3 Rc4 33. Rec2 Rfc8
34. h4 e5 35. Qg3 Qe6 36. Qxe5 Qxe5 37. dxe5 Rxg4+ 38. Kf3 Rxh4 39. Rd2 Rc5 40.
Rd3 Rhc4 41. Re3 Rc6 42. Rd1 Rxc3 43. Rxd5 Kf8 44. Rd7 Ke8 45. Ra7 Rc7 46. Ra8+
Rc8 47. Ra7 R3c7 48. Ra6 Ke7 49. Kg4 Rc6 50. Ra7+ R8c7 51. Ra8 Re6 52. Rg8 f5+
53. exf6+ 1/2-1/2

[Event "SC Steinfurt 1 - SK Dülmen 1"]
[Site "Regionalliga 2015/2016"]
[Date "2015.09.05"]
[Round "1.6"]
[White "Janning, Rainer"]
[Black "Lödding, Detlef"]
[Result "1/2-1/2"]
[WhiteElo "1849"]
[BlackElo "1899"]
[PlyCount "52"]
[EventDate "2015.??.??"]
[SourceDate "2015.09.11"]

1. f4 d5 2. e3 c5 3. Nf3 Nc6 4. Bb5 e6 5. O-O Bd6 6. b3 Nge7 7. Bb2 O-O 8. Ne5
f6 9. Nxc6 bxc6 10. Be2 e5 11. c4 d4 12. fxe5 Bxe5 13. Bf3 Qc7 14. g3 Bh3 15.
Bg2 Bxg2 16. Kxg2 dxe3 17. Qc2 Bd4 18. dxe3 Bxe3 19. Re1 Bd4 20. Nc3 Ng6 21.
Na4 Rad8 22. Rad1 Ne5 23. Ba3 Qa5 24. Qd2 Qc7 25. Qc2 Qa5 26. Qd2 Qc7 1/2-1/2

[Event "SC Steinfurt 1 - SK Dülmen 1"]
[Site "Regionalliga 2015/2016"]
[Date "2015.09.05"]
[Round "1.7"]
[White "Liebing, Ingo"]
[Black "Schlitter, Klaus"]
[Result "1/2-1/2"]
[WhiteElo "1763"]
[BlackElo "1877"]
[PlyCount "45"]
[EventDate "2015.??.??"]
[SourceDate "2015.09.11"]

1. c4 Nf6 2. g3 e6 3. Bg2 c5 4. Nf3 Nc6 5. O-O Be7 6. Nc3 O-O 7. d4 cxd4 8.
Nxd4 a6 9. e4 Qc7 10. Nde2 Rb8 11. a3 d6 12. h3 Bd7 13. Be3 b6 14. Rc1 Rfc8 15.
f4 Na5 16. b3 Bc6 17. g4 Qb7 18. Ng3 b5 19. g5 Nd7 20. Nce2 bxc4 21. b4 Nb3 22.
Rxc4 Ba4 23. Rxc8+ 1/2-1/2

[Event "SC Steinfurt 1 - SK Dülmen 1"]
[Site "Regionalliga 2015/2016"]
[Date "2015.09.05"]
[Round "1.8"]
[White "Raue, Thorsten"]
[Black "Kötting, Hans-Erich"]
[Result "1/2-1/2"]
[WhiteElo "1786"]
[BlackElo "1854"]
[PlyCount "81"]
[EventDate "2015.??.??"]
[SourceDate "2015.09.11"]

1. b4 Nf6 2. Bb2 e6 3. b5 d5 4. e3 Be7 5. Nf3 O-O 6. Be2 c5 7. O-O Nbd7 8. d3
Qc7 9. Nbd2 Bd6 10. c4 Rd8 11. Qb3 b6 12. a4 Bb7 13. d4 Rac8 14. a5 h6 15. Rfc1
Qb8 16. axb6 axb6 17. g3 Ng4 18. cxd5 exd5 19. dxc5 bxc5 20. Qc3 Ngf6 21. Qa5
Re8 22. Bf1 Bc7 23. Qa7 Bb6 24. Qxb8 Rxb8 25. Bg2 Ne4 26. Nb3 Nd6 27. Bf1 Rbc8
28. Nfd2 Ra8 29. Ba3 Ne4 30. Nxe4 Rxe4 31. Bh3 c4 32. Nd2 Rxe3 33. fxe3 Bxe3+
34. Kf1 Bxd2 35. Rd1 Bc3 36. Bxd7 Bxa1 37. Rxa1 d4 38. Bb2 Rd8 39. Bf5 c3 40.
Bc1 d3 41. Bxd3 1/2-1/2

[Event "SG Turm Raesfeld/Erle 1 - SC Gronau 1"]
[Site "Regionalliga 2015/2016"]
[Date "2015.09.05"]
[Round "1.1"]
[White "Monsma, Menno"]
[Black "Wilger, Frank"]
[Result "1/2-1/2"]
[WhiteElo "2075"]
[BlackElo "2123"]
[PlyCount "49"]
[EventDate "2015.??.??"]
[SourceDate "2015.09.11"]

1. e4 c5 2. Nf3 e6 3. d3 d5 4. Nbd2 Nf6 5. g3 dxe4 6. dxe4 Be7 7. Bg2 O-O 8.
O-O Bd7 9. Re1 Nc6 10. c3 b5 11. e5 Nd5 12. Nf1 Qc7 13. h4 Rad8 14. N1h2 a5 15.
Qc2 c4 16. Bg5 f6 17. exf6 gxf6 18. Bh6 Rf7 19. Rad1 Bc5 20. Ng4 Qxg3 21. Ne3
Nxe3 22. Bxe3 Bxe3 23. Rxe3 Qg6 24. Qxg6+ hxg6 25. Ng5 1/2-1/2

[Event "SG Turm Raesfeld/Erle 1 - SC Gronau 1"]
[Site "Regionalliga 2015/2016"]
[Date "2015.09.05"]
[Round "1.2"]
[White "Greifenberg, Daniel"]
[Black "Storck, Martin"]
[Result "1-0"]
[WhiteElo "2017"]
[BlackElo "1970"]
[PlyCount "191"]
[EventDate "2015.??.??"]
[SourceDate "2015.09.11"]

1. d4 d5 2. c4 c6 3. Nc3 Nf6 4. Nf3 e6 5. e3 Bb4 6. a3 Bxc3+ 7. bxc3 Nbd7 8.
cxd5 exd5 9. c4 O-O 10. cxd5 cxd5 11. Bd3 Ne4 12. O-O Ndf6 13. Qb3 Re8 14. a4
Re6 15. a5 Ng4 16. h3 Ngf6 17. Ne5 Nd7 18. Qxd5 Nef6 19. Qb5 a6 20. Qb1 Nxe5
21. dxe5 Rxe5 22. Bb2 Rg5 23. Rd1 Qe8 24. Bxf6 gxf6 25. Bxh7+ Kg7 26. h4 Rh5
27. Be4 Rxh4 28. Bf3 Qh8 29. Kf1 Be6 30. g3 Bc4+ 31. Kg1 Rh6 32. Qxb7 Rb8 33.
Qe4 Bb5 34. Rd4 Re8 35. Qf4 Re5 36. Rad1 Be2 37. Rc1 Bxf3 38. Qxf3 Reh5 39.
Rg4+ Rg6 40. Rxg6+ Kxg6 41. Qg4+ Rg5 42. Qe4+ Kg7 43. Rc7 Qd8 44. Ra7 Rxa5 45.
Qb7 Qd1+ 46. Kg2 Qh5 47. Rxa6 Qd5+ 48. Qxd5 Rxd5 49. e4 Re5 50. f3 f5 51. exf5
Rxf5 52. g4 Rb5 53. Kg3 Rb3 54. Rd6 f6 55. Kf4 Rb5 56. Ke4 Re5+ 57. Kd4 Re1 58.
Ra6 Kg6 59. f4 Kg7 60. Ra7+ Kg6 61. f5+ Kg5 62. Rg7+ Kf4 63. Kd5 Re5+ 64. Kd6
Ra5 65. Ke6 Ra6+ 66. Kf7 Rb6 67. Kg8 Rc6 68. Kh7 Rd6 69. Kh6 Rc6 70. Kh5 Rd6
71. Rg8 Rc6 72. Re8 Rc1 73. Re6 Rh1+ 74. Kg6 Rg1 75. Kxf6 Kxg4 76. Re4+ Kh5 77.
Kf7 Rf1 78. f6 Kg5 79. Re5+ Kh6 80. Re2 Kg5 81. Rg2+ Kh6 82. Ke7 Re1+ 83. Kf8
Kh7 84. f7 Rf1 85. Rg7+ Kh8 86. Rg5 Kh7 87. Ke7 Re1+ 88. Kf6 Rf1+ 89. Ke7 Re1+
90. Kf8 Rf1 91. Re5 Kg6 92. Re6+ Kh7 93. Ke8 Ra1 94. f8=Q Ra8+ 95. Kf7 Ra7+ 96.
Kf6 1-0

[Event "SG Turm Raesfeld/Erle 1 - SC Gronau 1"]
[Site "Regionalliga 2015/2016"]
[Date "2015.09.05"]
[Round "1.3"]
[White "Langendijk, Andre"]
[Black "Gesing, Felix"]
[Result "1/2-1/2"]
[WhiteElo "1960"]
[BlackElo "1964"]
[PlyCount "117"]
[EventDate "2015.??.??"]
[SourceDate "2015.09.11"]

1. d4 g6 2. c4 Bg7 3. Nc3 Nf6 4. e4 d6 5. f3 O-O 6. Be3 c5 7. dxc5 dxc5 8. Qxd8
Rxd8 9. Bxc5 Nc6 10. Nge2 Nd7 11. Ba3 Nde5 12. Nf4 Bh6 13. Nfd5 e6 14. f4 exd5
15. fxe5 dxe4 16. Nxe4 Nxe5 17. Rd1 Rxd1+ 18. Kxd1 Bg4+ 19. Ke1 Rd8 20. Nf6+
Kg7 21. Nxg4 Nxg4 22. Bb4 Ne3 23. Bc3+ Kg8 24. g3 Re8 25. Kf2 Nd1+ 26. Kf3 Re3+
27. Kg2 Nxc3 28. bxc3 Rxc3 29. Kh3 Rc1 30. Bg2 b6 31. Rxc1 Bxc1 32. Bd5 Kf8 33.
Kg4 Ke7 34. Kf3 f5 35. h4 Kf6 36. g4 fxg4+ 37. Kxg4 h6 38. h5 gxh5+ 39. Kxh5
Ke5 40. Bc6 Kd4 41. Bb5 Ba3 42. Kxh6 Kc3 43. Kg6 Kb2 44. Kf5 Kxa2 45. Ke4 Kb3
46. Ba6 Kb4 47. Kd3 Ka5 48. Bb5 a6 49. Bd7 Kb4 50. Bc8 a5 51. Be6 Bb2 52. Kc2
Bd4 53. Kb1 Ka3 54. Kc2 Bc5 55. Bd5 Kb4 56. Kb2 a4 57. Ka2 Kc3 58. Be6 Kd4 59.
Bf7 1/2-1/2

[Event "SG Turm Raesfeld/Erle 1 - SC Gronau 1"]
[Site "Regionalliga 2015/2016"]
[Date "2015.09.05"]
[Round "1.4"]
[White "Brömmel, Rudolf"]
[Black "Lütkehermölle, Martin"]
[Result "0-1"]
[WhiteElo "1912"]
[BlackElo "1931"]
[PlyCount "78"]
[EventDate "2015.??.??"]
[SourceDate "2015.09.11"]

1. d4 Nf6 2. Bg5 c5 3. Nc3 Qa5 4. Bxf6 gxf6 5. d5 f5 6. e3 d6 7. a4 Bg7 8. Nge2
Nd7 9. g3 Nb6 10. Bg2 Nc4 11. Qc1 Qb4 12. Ra2 Bd7 13. O-O h5 14. Nd1 h4 15. b3
hxg3 16. hxg3 Ne5 17. Nf4 Ng6 18. Nb2 Qc3 19. Nbd3 Qf6 20. c4 a5 21. Re1 Ne5
22. Kf1 Qh6 23. Ke2 Qg5 24. Kd2 O-O-O 25. Rh1 Rxh1 26. Qxh1 Rh8 27. Qf1 Ng4 28.
Rc2 Nf6 29. Ke2 Ne4 30. Qg1 e5 31. dxe6 fxe6 32. Bf3 Rh6 33. Qg2 Bc6 34. Rc1
Qf6 35. Rc2 Qa1 36. g4 Nc3+ 37. Rxc3 Bxf3+ 38. Qxf3 Bxc3 39. gxf5 Rh1 0-1

[Event "SG Turm Raesfeld/Erle 1 - SC Gronau 1"]
[Site "Regionalliga 2015/2016"]
[Date "2015.09.05"]
[Round "1.5"]
[White "Reinhold, Klaus"]
[Black "Borutta, Niklas"]
[Result "1/2-1/2"]
[WhiteElo "1895"]
[BlackElo "2048"]
[PlyCount "123"]
[EventDate "2015.??.??"]
[SourceDate "2015.09.11"]

1. d4 Nf6 2. c4 g6 3. Nc3 d5 4. Nf3 Bg7 5. Qb3 dxc4 6. Qxc4 O-O 7. e4 Bg4 8.
Be3 Nfd7 9. Qb3 Nb6 10. Rd1 Nc6 11. d5 Ne5 12. Be2 Nxf3+ 13. gxf3 Bh5 14. Rg1
Qc8 15. Rg3 Nd7 16. f4 Bxe2 17. Kxe2 c5 18. dxc6 bxc6 19. Qa3 Nb6 20. Bxb6 axb6
21. Qb3 Qa6+ 22. Ke1 Bxc3+ 23. Rxc3 Qxa2 24. Qxa2 Rxa2 25. Rb3 b5 26. Rd7 e6
27. Rc7 Ra1+ 28. Ke2 Ra6 29. Rc3 Ra4 30. Ke3 Rb4 31. R7xc6 Rxb2 32. Rb6 Ra8 33.
Rb7 Rf8 34. Kf3 Kg7 35. Rc5 Rb3+ 36. Kg2 Rb4 37. f3 Rb2+ 38. Kg3 Ra8 39. Rcc7
Rf8 40. Rc5 b4 41. Rc4 h5 42. h4 Re2 43. Rcxb4 Rd8 44. Rb2 Rdd2 45. Rxd2 Rxd2
46. e5 Kf8 47. Ra7 Ke8 48. Rb7 Rd7 49. Rb8+ Ke7 50. Kf2 Ra7 51. Rb6 Kd7 52.
Rd6+ Kc7 53. Kg3 Ra2 54. Rd3 Ra4 55. Rc3+ Kd7 56. Rc2 Ra6 57. Rd2+ Kc7 58. Rd3
Ra7 59. Rd6 Ra5 60. Rd2 Rd5 61. Rc2+ Kb6 62. Rc8 1/2-1/2

[Event "SG Turm Raesfeld/Erle 1 - SC Gronau 1"]
[Site "Regionalliga 2015/2016"]
[Date "2015.09.05"]
[Round "1.6"]
[White "Tünte, Marcel"]
[Black "Tsoukkerman, Boris"]
[Result "0-1"]
[WhiteElo "1705"]
[BlackElo "1893"]
[PlyCount "57"]
[EventDate "2015.??.??"]
[SourceDate "2015.09.11"]

1. e4 Nf6 2. e5 Nd5 3. d4 d6 4. f4 g6 5. Nf3 Bg7 6. c3 O-O 7. Bd3 dxe5 8. fxe5
c5 9. O-O cxd4 10. cxd4 Nc6 11. Be4 Be6 12. Nc3 Rc8 13. Na4 b6 14. Ng5 Qd7 15.
Nxe6 fxe6 16. Bxd5 Rxf1+ 17. Kxf1 Qxd5 18. Be3 Rd8 19. Nc3 Qc4+ 20. Qe2 Qb4 21.
a3 Qb3 22. Rd1 Na5 23. Rd3 Qc4 24. Rd1 Qc6 25. b4 Qxc3 26. bxa5 Qxa5 27. Ra1
Qc3 28. Ra2 Qb3 29. Qc2 0-1

[Event "SG Turm Raesfeld/Erle 1 - SC Gronau 1"]
[Site "Regionalliga 2015/2016"]
[Date "2015.09.05"]
[Round "1.7"]
[White "Reckzügel, Philipp"]
[Black "Bölker, Franz"]
[Result "1-0"]
[WhiteElo "1904"]
[BlackElo "1806"]
[PlyCount "55"]
[EventDate "2015.??.??"]
[SourceDate "2015.09.11"]

1. Nf3 Nf6 2. d4 e6 3. g3 b6 4. Bg2 Bb7 5. O-O Be7 6. c4 d6 7. Nc3 Nbd7 8. Re1
c5 9. e4 e5 10. dxe5 dxe5 11. Nd5 O-O 12. b3 Nxd5 13. exd5 Bd6 14. Bb2 Qc7 15.
Bh3 f6 16. Be6+ Kh8 17. Nh4 Rfe8 18. Qh5 Nf8 19. Bf7 Re7 20. Ng6+ Nxg6 21. Bxg6
h6 22. Re4 Bc8 23. Rae1 Bd7 24. f4 Be8 25. fxe5 fxe5 26. Rf1 Kg8 27. Rg4 Kh8
28. Rf8# 1-0

[Event "SG Turm Raesfeld/Erle 1 - SC Gronau 1"]
[Site "Regionalliga 2015/2016"]
[Date "2015.09.05"]
[Round "1.8"]
[White "Kadenbach, Wolfgang"]
[Black "Hoge, Torsten"]
[Result "1/2-1/2"]
[WhiteElo "1731"]
[BlackElo "1919"]
[PlyCount "41"]
[EventDate "2015.??.??"]
[SourceDate "2015.09.11"]

1. d4 e6 2. e4 d5 3. e5 c5 4. c3 Nc6 5. Nf3 Qb6 6. Bd3 Bd7 7. O-O cxd4 8. cxd4
Nxd4 9. Nxd4 Qxd4 10. Nc3 Qxe5 11. Re1 Qb8 12. Nxd5 Bd6 13. Qg4 Kf8 14. g3 h5
15. Qh3 Bc6 16. Nc3 Nf6 17. Bd2 Bc5 18. Be3 Bxe3 19. Rxe3 Qd6 20. Rd1 Qc5 21.
Be2 1/2-1/2

[Event "SC Klein-Berlin Rheine 1 - SF Telgte 1"]
[Site "Regionalliga 2015/2016"]
[Date "2015.09.05"]
[Round "1.1"]
[White "Muth, Josef"]
[Black "Ottens, Stephan"]
[Result "1/2-1/2"]
[WhiteElo "1987"]
[BlackElo "2084"]
[PlyCount "37"]
[EventDate "2015.??.??"]
[SourceDate "2015.09.11"]

1. d4 Nf6 2. c4 g6 3. Nc3 Bg7 4. e4 d6 5. Nf3 O-O 6. Be2 e5 7. dxe5 dxe5 8.
Qxd8 Rxd8 9. Bg5 Nbd7 10. O-O-O Rf8 11. Nd2 c6 12. Be3 Re8 13. f3 Bf8 14. Nb3
a5 15. Na4 b6 16. Kb1 Rb8 17. g4 Be7 18. h4 h5 19. g5 1/2-1/2

[Event "SC Klein-Berlin Rheine 1 - SF Telgte 1"]
[Site "Regionalliga 2015/2016"]
[Date "2015.09.05"]
[Round "1.3"]
[White "Dieckmann, Werner"]
[Black "Langhanke, Günther"]
[Result "1/2-1/2"]
[WhiteElo "1744"]
[BlackElo "2018"]
[PlyCount "39"]
[EventDate "2015.??.??"]
[SourceDate "2015.09.11"]

1. d4 d5 2. Nf3 Nf6 3. Bg5 Nbd7 4. Nbd2 g6 5. e3 Bg7 6. Bd3 O-O 7. O-O Re8 8.
c3 c6 9. e4 dxe4 10. Nxe4 Nxe4 11. Bxe4 Nf6 12. Bd3 Qd6 13. Re1 Bg4 14. h3 Bxf3
15. Qxf3 Nd5 16. Bc4 e6 17. a3 h6 18. Bh4 Qf4 19. Bxd5 Qxh4 20. Ba2 1/2-1/2

[Event "SC Klein-Berlin Rheine 1 - SF Telgte 1"]
[Site "Regionalliga 2015/2016"]
[Date "2015.09.05"]
[Round "1.4"]
[White "Langhans, Jörg"]
[Black "Hirnstein, Markus"]
[Result "1/2-1/2"]
[WhiteElo "1937"]
[BlackElo "1881"]
[PlyCount "27"]
[EventDate "2015.??.??"]
[SourceDate "2015.09.11"]

1. e4 e6 2. d4 d5 3. Nc3 Bb4 4. exd5 exd5 5. Bd3 Ne7 6. a3 Bxc3+ 7. bxc3 Bf5 8.
Qf3 Qd7 9. Ne2 Nbc6 10. O-O O-O-O 11. a4 h5 12. Bxf5 Qxf5 13. Qd3 h4 14. Rb1
1/2-1/2